Croatian-Yugoslav 1970s Music Quiz: Name the Artist - Statistics

General Stats
  • This quiz has been taken 11 times
  • The average score is 14 of 30
Answer Stats
Song Release Date Artist % Correct
Ča će mi Copacabana 1974 Oliver Dragojević
100%
Zbog jedne divne crne žene 1972 Krunoslav Slabinac
88%
Ostala si uvijek ista 1975 Mišo Kovač
88%
Da te ne volim 1978 Novi Fosili
88%
Pakleni vozači 1978 Atomsko Sklonište
75%
Pamtim samo sretne dane 1979 Gabi Novak
75%
Lutka za bal 1977 Parni Valjak
75%
Neki dječaci 1979 Prljavo Kazalište
75%
O jednoj mladosti 1973 Josipa Lisac
63%
Što je ostalo od ljubavi 1978 Tereza Kesovija
63%
Ove noći jedna žena 1977 Zlatko Pejaković
63%
Dok palme njišu grane 1971 Dubrovački Trubaduri
50%
Samo simpatija 1979 Meri Cetinić
50%
Ana 1978 Srebrna Krila
50%
Sve što znaš o meni 1970 Arsen Dedić
38%
Tvoja zemlja 1971 Vice Vukov
38%
Di si bija kad je grmilo 1972 Đorđi Peruzović
25%
Teško mi je zaboravit tebe 1971 Drago Diklić
25%
Znam da negdje živi žena 1976 Duško Lokin
25%
Kiši i malo je hladno 1972 Grupa 220
25%
Mačka 1970 Ibrica Jusić
25%
Kud plovi ovaj brod 1970 Radojka Šverko
25%
Da li znaš da te volim 1975 Time
25%
Još uvijek se vraćam 1976 Tomislav Ivčić
25%
Ti nikad nećeš znati 1975 Zdenka Kovačiček
25%
Otkad si tuđa žena 1973 Dalibor Brun
13%
Na mom dlanu 1975 Drugi Način
13%
Marčelina 1974 Toma Bebić
13%
Samo ljubav 1972 Višnja Korbar
13%
Bicikl 1974 Zvonko Špišić
13%
No matching quizzes found
Score Distribution
Percent of People with Each Score
Percentile by Number Answered
Your Score History
You have not taken this quiz